00590nam a2200193Ia 4500001000700000003000500007008004100012010001100053040000900064082001600073100006700089245002800156260002800184300001100212440000500223500008400228503000800312650007600320Z_4651CHAP220113s1989 xx 000 0 und d a167726 cCHAP a636.5089 W4 aWestern Poultry Disease Conference (38 : 1989 : Tempe Arizona) aProceedings /cby WPDC aArizona :bWPDC,c1989 a249 p. a aContiene Proceedings of the Monoclonal Antibody Workshop (1989 : Tempe Arizona) aC/E aAves de corralxEnfermedadesxCongresos I. Monoclonal Antibody Workshop